Fiction Pudumaippittan / (Record no. 160399)

MARC details
000 -LEADER
fixed length control field 00431nam a22001697a 4500
005 - DATE AND TIME OF LATEST TRANSACTION
control field 20190128154251.0
010 ## - LCCN (DPL NO)
LC control number B-099021
020 ## - INTERNATIONAL STANDARD BOOK NUMBER
International Standard Book Number 8187649534
Terms of availability 250.00
035 ## - SYSTEM CONTROL NUMBER
System control number B-099021
037 ## - SOURCE OF ACQUISITION
Source of stock number/acquisition Katha Classics
082 ## - DEWEY DECIMAL CLASSIFICATION NUMBER
Classification number S
245 ## - TITLE STATEMENT
Title Fiction Pudumaippittan /
Statement of responsibility, etc Lakshmi Holmstrom
260 ## - PUBLICATION, DISTRIBUTION, ETC. (IMPRINT)
Place of publication, distribution, etc New Delhi
Name of publisher, distributor, etc Katha Classics
Date of publication, distribution, etc 2002
300 ## - PHYSICAL DESCRIPTION
Extent 251p.
Dimensions 22cm(pbk)
700 ## - ADDED ENTRY--PERSONAL NAME
Personal name Lakshmi Holmstrom
942 ## - ADDED ENTRY ELEMENTS (KOHA)
Source of classification or shelving scheme Dewey Decimal Classification
Item type English Books
Classification part S
Call number suffix PUD
Holdings
Withdrawn status Lost status Not for loan Collection code Home library Current library Date acquired Full call number Barcode Koha item type
      Fiction Sarojini Nagar Sarojini Nagar 28/01/2019 S PUD B-099021 English Books

© Delhi Public Library
Hit Counter
free hit counter